| 000 | 00775cab a2200205 4500 | ||
|---|---|---|---|
| 001 | L136313 | ||
| 008 | 070125n2007 000 0 eng u | ||
| 035 | _a(Sirsi) u136313 | ||
| 041 | 0 | _aeng | |
| 100 | 1 | _aPhillips, Mike | |
| 245 | 0 | 0 |
_aRegional _bEssex and north east London boroughs |
| 260 | _c2007 | ||
| 490 | 0 |
_aProperty Week _v72(46) 19 January 2007, 69-79(7) |
|
| 520 | _aDiscusses the difficulties the London Development Agency is having in securing land for the 2012 Olympics, the planned construction of a new cricket stadium in Chelmsford and plans for the redevelopment of St Modwen's market. | ||
| 590 | _aKA | ||
| 651 | 4 | _aNORTH EAST LONDON BOROUGHS | |
| 651 | 4 | _aESSEX | |
| 690 | _aPROPERTY-COMMERCIAL PROPERTY-COMMERCIAL PROPERTY MARKET | ||
| 942 | _n0 | ||
| 999 |
_c78242 _d78242 |
||